Vista normal Vista MARC

Entrada Topical Term

Número de registros utilizados en: 1

001 - CONTROL NUMBER

  • control field: 61557

003 - CONTROL NUMBER IDENTIFIER

  • control field: OSt

005 - DATE AND TIME OF LATEST TRANSACTION

  • control field: 20250730145429.0

008 - FIXED-LENGTH DATA ELEMENTS

  • fixed length control field: 250730|| aca||aabn | a|a d

040 ## - CATALOGING SOURCE

  • Original cataloging agency: OSt
  • Transcribing agency: OSt

150 ## - HEADING--TOPICAL TERM

  • Topical term or geographic name entry element: Baile del muñeco (Danza Indígena)
  • Geographic subdivision: Amazonas (Colombia)

670 ## - SOURCE DATA FOUND

  • Source citation: Work cat.: (OSt)57765: Duchesne Winter, Juan aut 61556, Invitación al baile del muñeco :









Instituto Departamental de Cultura del Meta - Red Departamental de Bibliotecas Públicas del Meta.